Data requirements for metropolitan transportation planning. (Record no. 543370)
[ view plain ]
| 000 -LEADER | |
|---|---|
| fixed length control field | 00777cam a2200193 4500 |
| 020 ## - INTERNATIONAL STANDARD BOOK NUMBER | |
| International Standard Book Number | 0309019117 |
| 082 00 - DEWEY DECIMAL CLASSIFICATION NUMBER | |
| Classification number | 388.4 |
| Author Mark | HAM |
| -- | D |
| 110 2# - MAIN ENTRY--CORPORATE NAME | |
| Corporate name or jurisdiction name as entry element | Creighton, Hamburg, Planning Consultants. |
| 9 (RLIN) | 38727 |
| 245 10 - TITLE STATEMENT | |
| Title | Data requirements for metropolitan transportation planning. |
| 260 ## - PUBLICATION, DISTRIBUTION, ETC. | |
| Place of publication, distribution, etc. | [Washington] |
| Name of publisher, distributor, etc. | Highway Research Board, National Research Council, |
| Date of publication, distribution, etc. | 1971. |
| 300 ## - PHYSICAL DESCRIPTION | |
| Extent | 90 p. |
| Other physical details | illus. |
| Dimensions | 28 cm. |
| 490 1# - SERIES STATEMENT | |
| Series statement | National Cooperative Highway Research Program. Report |
| 500 ## - GENERAL NOTE | |
| General note | "Research sponsored by the American Association of State Highway Officials in cooperation with the Federal Highway Administration." |
| 526 ## - STUDY PROGRAM INFORMATION NOTE | |
| Program name | 0 |
| Interest level | 0 |
| Reading level | 0 |
| Title point value | 388_400000000000000_HAM |
| 650 #0 - SUBJECT ADDED ENTRY--TOPICAL TERM | |
| Topical term or geographic name entry element | NUST |
| 9 (RLIN) | 6342 |
| 650 #0 - SUBJECT ADDED ENTRY--TOPICAL TERM | |
| Topical term or geographic name entry element | Traffic surveys. |
| 9 (RLIN) | 23118 |
| 650 #0 - SUBJECT ADDED ENTRY--TOPICAL TERM | |
| Topical term or geographic name entry element | Urban transportation. |
| 942 ## - ADDED ENTRY ELEMENTS (KOHA) | |
| Source of classification or shelving scheme | |
| Koha item type | Book |
| Withdrawn status | Lost status | Source of classification or shelving scheme | Damaged status | Not for loan | Permanent Location | Current Location | Date acquired | Total Checkouts | Full call number | Barcode | Date last seen | Price effective from | Koha item type |
|---|---|---|---|---|---|---|---|---|---|---|---|---|---|
| Military College of Engineering (MCE) | Military College of Engineering (MCE) | 03/21/2014 | 388.4 HAM | MCE-42121 | 03/21/2014 | 03/14/2021 | Book |
